Responses for show #2058 - Wednesday, July 14, 1993

1993 Seniors Tournament quarterfinal game 3.

Contestants

[<< previous game]

Mack Owen, a university professor originally from Camilla, Georgia

Leon Jackson, a court clerk from Elmhurst, New York

Helen Druva, a housewife from Alexandria, Virginia

[next game >>]

Jeopardy! Round responses

COLONIES
MOVIE STARS
TRANSPORTATION
FICTIONAL SENIORS
(Alex: How appropriate!)
COLORS
COFFEE, TEA OR MEAD?
    $100 17
Greenwich Village

Mack
    $100 2
World War II

Mack
    $100 7
oil

Helen
    $100 1
Ebenezer Scrooge

Leon
    $100 8
blue

Leon
    $100 22
bags

Mack
    $200 18
penal colony

Leon
    $200 23
(Mack: Who are Oliver and Hardy?)
(Helen: Who are Lunt & Fontanne?)

Laurel and Hardy

HelenLeonMack
    $200 13
paddle

Leon
    $200 3
Lost Horizon

Mack
    $200 9
red

Mack
    $200 27
Irish whiskey

Mack
    $300 19
leprosy (leper colony)

Helen
    $300 24
Esther Williams

Helen
    $300 14
(Helen: What is...I don't know?)

gravity

HelenLeon
    $300 4
The House of the Seven Gables

Mack
    $300 10
green

Mack
    $300 28
cafe au lait

Leon
    $400 20
ants

Mack
    $400 25
Leslie Howard

Mack
    $400 15
(Mack: What are motorcycle and pedal?)

motor and pedal

LeonMack
    $500 5
(Mack: Who is Oliver Twist?)

Fagin

Mack
    $400 11
yellow

Mack
    $400 29
(Helen: What is Denmark?)

Finland

HelenMack
    $500 21
Plymouth Colony

Helen
    $500 26
(Alex: Who was married to her at one time.)

Errol Flynn

Helen
    $500 16
(Mack: What is a hot air balloon?)
...
(Alex: You gave me extra information & I had to rule you incorrect.)

helium balloon

Mack
Triple Stumper
    $500 6
Miss Jane Marple

Mack
    $500 12
Brown

Mack
    $500 30
honey

Helen

Scores at the first commercial break (after clue 15):

Helen Leon Mack
-$200 $1,100 $1,600

Scores at the end of the Jeopardy! Round:

Helen Leon Mack
$1,300 $1,800 $2,500

Double Jeopardy! Round responses

HISTORY
BODY PARTS
ARCHITECTURE
THE NEW TESTAMENT
NATIONAL PARKS
HOLIDAYS AROUND THE WORLD
    $200 9
Charlemagne

Helen
    $200 7
discs

Mack
    $200 8
Venice

Helen
    $200 1
Judas

Mack
    $200 6
Yellowstone

Leon
    $200 26
new year

Leon
    $400 13
Yalta

Leon
    $400 11
palate

Leon
    $400 17
Michelangelo

Helen
    $400 2
Lazarus

Leon
    $400 10
Petrified Forest

Leon
    $400 27
Good Friday

Leon
    $600 20
The Hague

Leon
    $600 12
eustachian tube

Mack
    $600 21
roof

Helen
    $600 3
Mary Magdalene

Helen
    $600 16
Utah

Leon
    $600 28
14th of July (Bastille Day)

Mack
    $800 24
Harold

Mack
    $800 14
bile

Helen
    $800 22
Mies van der Rohe

Leon
    $800 4
John

Mack
    $500 18
(Helen: What is Hawaii?)

U.S. Virgin Islands

Helen
    $800 29
Hinduism

Leon
    $2,000 25
Fulgencio Batista

Mack
    $1000 15
(Leon: What are the atriums & the ventricles?)
...
(Alex: The others are the tricuspid & pulmonary.)

mitral & aorta

HelenLeon
    $1000 23
Eero Saarinen

Leon
    $1000 5
(Mack: What is John?)

Acts

HelenMack
    $1000 19
Crater Lake

Mack
    $1000 30
Swahili

Helen

Scores at the end of the Double Jeopardy! Round:

Helen Leon Mack
$6,600 $7,000 $7,700

Final Jeopardy! Round responses

BROADWAY MUSICALS
HelenWhat is On The Town?
$3,400
LeonWhat is On The Town
$7,000
MackWhat is On the Town
$2,700
"On the Town"

Final scores:

Helen Leon Mack
$10,000 $14,000 $10,400
3rd place: $1,000 if eliminated Automatic semifinalist 2nd place: $1,000 if eliminated

Game dynamics:

Coryat scores:

Helen Leon Mack
$7,100 $7,000 $7,200
15 R,
4 W
(including 1 DD)
20 R,
1 W
22 R
(including 1 DD),
5 W
(including 1 DD)

Combined Coryat: $21,300

The J! Archive is created by fans, for fans. The Jeopardy! game show and all elements thereof, including but not limited to copyright and trademark thereto, are the property of Jeopardy Productions, Inc. and are protected under law. This website is not affiliated with, sponsored by, or operated by Jeopardy Productions, Inc. Join the discussion at JBoard.tv.